| 000 | 00617nam a2200229Ia 4500 | ||
|---|---|---|---|
| 003 | OSt | ||
| 005 | 20221005113712.0 | ||
| 006 | a|||||r|||| 00| 0 | ||
| 007 | ta | ||
| 008 | 221004b |||||||| |||| 00| 0 ben d | ||
| 020 | _c150 | ||
| 024 | _a24427 | ||
| 037 |
_b1033, 19/03/2009, Subha Book Centre _cTextual |
||
| 040 |
_aCRL _cCRL _bben |
||
| 041 |
_2ben _aben |
||
| 082 | _aDelta2y7MSH, 157P2 | ||
| 245 | 0 | _aAcharya sanka ramnay | |
| 260 | _c2002 | ||
| 300 |
_a773p. _ccm. |
||
| 942 |
_hDelta2y7MSH, 157P2 _cTEXL _2cc |
||
| 999 |
_c1028968 _d1028968 |
||